[Event "DEM U12/U12w 2010"]
[Site "Oberhof GER"]
[Date "2010.05.23"]
[Round "1"]
[White "Berkov, Mikhail"]
[Black "Schröder, Jan-Christian"]
[Result "0-1"]
[Termination "normal"]
[Board "2"]
[WhiteElo "1840"]
[BlackElo "1965"]
[PlyCount "52"]
[WhiteFideId "24678783"]
[BlackFideId "24662259"]
[EventCountry "GER"]
[EventRounds "11"]
[EventType "swiss"]
[EventDate "2010.05.22"]

1. Nc3 e5 2. Nf3 Nc6 3. e4 Nf6 4. Bb5 Be7 5. d3 d6 6. h3 a6 7. Ba4 b5 8. Bb3
Na5 9. Be3 Bb7 10. O-O O-O 11. Qd2 Nxb3 12. axb3 c5 13. Rfe1 Qc7 14. Bg5 Nh5
15. Bxe7 Qxe7 16. Qg5 Qxg5 17. Nxg5 h6 18. Nf3 Nf4 19. Kh2 Rad8 20. g3 Ne6 21.
Ne2 f5 22. Neg1 fxe4 23. dxe4 Nd4 24. Nxd4 Rxf2+ 25. Kh1 exd4 26. Rac1 Re8 0-1

[Event "DEM U12/U12w 2010"]
[Site "Oberhof GER"]
[Date "2010.05.23"]
[Round "1"]
[White "Sawlin, Leonid"]
[Black "Gheng, Christian"]
[Result "1/2-1/2"]
[Termination "normal"]
[Board "3"]
[WhiteElo "1865"]
[BlackElo "1574"]
[PlyCount "38"]
[WhiteFideId "4689542"]
[BlackFideId "24660345"]
[EventCountry "GER"]
[EventRounds "11"]
[EventType "swiss"]
[EventDate "2010.05.22"]

1. e4 c5 2. Nf3 d6 3. d4 cxd4 4. Nxd4 Nf6 5. Nc3 g6 6. Be3 Bg7 7. Bc4 O-O 8. f3
Nc6 9. Bb3 Bd7 10. Qd2 Rc8 11. O-O-O Nxd4 12. Bxd4 b5 13. Bxa7 b4 14. Nd5 Nxd5
15. Qxd5 Be6 16. Qd3 Qa5 17. Bd4 Bxd4 18. Qxd4 Bxb3 19. axb3 Qg5+ 1/2-1/2

[Event "DEM U12/U12w 2010"]
[Site "Oberhof GER"]
[Date "2010.05.23"]
[Round "1"]
[White "Zahn, Alina"]
[Black "Xiong, Ferdinand"]
[Result "1/2-1/2"]
[Termination "normal"]
[Board "4"]
[WhiteElo "1550"]
[BlackElo "1901"]
[PlyCount "47"]
[WhiteFideId "24696730"]
[BlackFideId "24654132"]
[EventCountry "GER"]
[EventRounds "11"]
[EventType "swiss"]
[EventDate "2010.05.22"]

1. e4 c5 2. Nf3 d6 3. d4 cxd4 4. Nxd4 Nf6 5. Nc3 g6 6. Be3 Bg7 7. f3 O-O 8. Qd2
Nc6 9. O-O-O d5 10. Kb1 dxe4 11. Nxc6 Qc7 12. Nd4 exf3 13. Nxf3 Be6 14. Bf4 Qa5
15. a3 Rfd8 16. Bd3 Rac8 17. Ne4 Qb6 18. Qb4 Qc6 19. Qb5 Qxb5 20. Nxf6+ Bxf6
21. Bxb5 Bd5 22. Be2 Kg7 23. Rd2 e5 24. Bxe5 1/2-1/2

[Event "DEM U12/U12w 2010"]
[Site "Oberhof GER"]
[Date "2010.05.23"]
[Round "1"]
[White "Grigorian, Spartak"]
[Black "Bardosch, Karl"]
[Result "1/2-1/2"]
[Termination "normal"]
[Board "5"]
[WhiteElo "1800"]
[BlackElo "1450"]
[PlyCount "115"]
[WhiteFideId "24661490"]
[BlackFideId "24696480"]
[EventCountry "GER"]
[EventRounds "11"]
[EventType "swiss"]
[EventDate "2010.05.22"]

1. d4 d5 2. c4 c6 3. Nc3 Nf6 4. Nf3 e6 5. Bg5 Be7 6. e3 O-O 7. Qc2 Nbd7 8. Bd3
dxc4 9. Bxc4 Nd5 10. Bxe7 Qxe7 11. a3 N7b6 12. Bd3 h6 13. O-O Bd7 14. Ne4 Rfc8
15. Nc5 Rc7 16. Ne5 Nf6 17. Qd2 Be8 18. Rac1 Nbd7 19. Nexd7 Nxd7 20. Qb4 Nf6
21. Ne4 Nxe4 22. Qxe7 Rxe7 23. Bxe4 Rd8 24. f4 f6 25. Rfd1 e5 26. dxe5 Rxd1+
27. Rxd1 fxe5 28. Bf3 exf4 29. exf4 Rd7 30. Kf2 Rxd1 31. Bxd1 Bd7 32. Bb3+ Kf8
33. Ke3 Ke7 34. h3 Be6 35. Bxe6 Kxe6 36. Ke4 c5 37. a4 b6 38. g4 a6 39. h4 b5
40. axb5 axb5 41. h5 b4 42. f5+ Kf6 43. Kd5 Kg5 44. Kxc5 Kxg4 45. Kxb4 Kxh5 46.
Kc5 Kg5 47. b4 h5 48. b5 h4 49. b6 h3 50. b7 h2 51. b8=Q h1=Q 52. Qe5 Qc1+ 53.
Kd6 Qa3+ 54. Ke6 Qb3+ 55. Ke7 Qb7+ 56. Kf8 Qc8+ 57. Kxg7 Qxf5 58. Qxf5+ 1/2-1/2

[Event "DEM U12/U12w 2010"]
[Site "Oberhof GER"]
[Date "2010.05.23"]
[Round "1"]
[White "Knorre, Jonas"]
[Black "Baskin, Robert"]
[Result "1/2-1/2"]
[Termination "normal"]
[Board "6"]
[WhiteElo "1733"]
[BlackElo "1828"]
[PlyCount "83"]
[WhiteFideId "24696900"]
[BlackFideId "24662402"]
[EventCountry "GER"]
[EventRounds "11"]
[EventType "swiss"]
[EventDate "2010.05.22"]

1. c4 e5 2. Nc3 Nf6 3. g3 d5 4. cxd5 Nxd5 5. Bg2 Nb6 6. Nf3 Nc6 7. O-O Be7 8.
a3 O-O 9. d3 Be6 10. b4 a5 11. b5 Nd4 12. Nxd4 exd4 13. Ne4 f5 14. Nd2 Nd5 15.
Nb1 Bf6 16. Qc2 a4 17. Bd2 Qd7 18. Qb2 Rfe8 19. Re1 Bf7 20. Bf3 Re6 21. Bxd5
Qxd5 22. Bf4 Rb6 23. Qc2 Bd8 24. e4 dxe3 25. Rxe3 Qxb5 26. Nc3 Qb3 27. Qxb3
axb3 28. a4 Rc6 29. d4 Bf6 30. Be5 Bxe5 31. dxe5 Ra5 32. Rb1 Rac5 33. Ne2 Bd5
34. f3 Ra6 35. Nc3 Be6 36. Kf2 Rac6 37. Ne2 Rc2 38. Ke1 Ra6 39. Rc3 Rxa4 40.
Rxc2 bxc2 41. Rxb7 Ra1+ 42. Kd2 1/2-1/2

[Event "DEM U12/U12w 2010"]
[Site "Oberhof GER"]
[Date "2010.05.23"]
[Round "1"]
[White "Bauer, Björn-Benny"]
[Black "Gerken, Frieso"]
[Result "1-0"]
[Termination "normal"]
[Board "7"]
[WhiteElo "1821"]
[BlackElo "1434"]
[PlyCount "75"]
[WhiteFideId "24698741"]
[BlackFideId "1270505"]
[EventCountry "GER"]
[EventRounds "11"]
[EventType "swiss"]
[EventDate "2010.05.22"]

1. d4 d5 2. c4 dxc4 3. a4 e5 4. e3 exd4 5. exd4 Be6 6. Nc3 Bb4 7. Nf3 Nf6 8.
Be2 Nc6 9. O-O O-O 10. Bg5 Re8 11. d5 Bxc3 12. dxe6 Bxb2 13. exf7+ Kxf7 14.
Bxc4+ Kf8 15. Rb1 Be5 16. Qb3 Na5 17. Qb4+ c5 18. Qxc5+ Bd6 19. Qd4 Re4 20.
Bxf6 Rxd4 21. Bxd8 Nxc4 22. Nxd4 Nd2 23. Rxb7 Nxf1 24. Kxf1 Rxd8 25. Ne6+ Ke8
26. Nxg7+ Kf8 27. Ne6+ Ke8 28. Nxd8 Kxd8 29. Rxa7 h6 30. a5 Bxh2 31. g3 h5 32.
Rh7 Bxg3 33. fxg3 Kc8 34. Ke2 h4 35. gxh4 Kb8 36. a6 Ka8 37. Rg7 Kb8 38. h5 1-0

[Event "DEM U12/U12w 2010"]
[Site "Oberhof GER"]
[Date "2010.05.23"]
[Round "1"]
[White "Nobis, Anna"]
[Black "Richter, Leonard"]
[Result "0-1"]
[Termination "normal"]
[Board "8"]
[WhiteElo "1428"]
[BlackElo "1816"]
[PlyCount "132"]
[WhiteFideId "1270302"]
[BlackFideId "12900290"]
[EventCountry "GER"]
[EventRounds "11"]
[EventType "swiss"]
[EventDate "2010.05.22"]

1. e4 c6 2. d4 d5 3. Nc3 dxe4 4. Nxe4 Nd7 5. Bc4 Ngf6 6. Nxf6+ Nxf6 7. Nf3 Bf5
8. O-O e6 9. Re1 Be7 10. Bf4 O-O 11. Qe2 Nd5 12. Bg3 a5 13. a4 Qb6 14. Bb3 Rfd8
15. Red1 Rac8 16. Nh4 Bg6 17. Nxg6 hxg6 18. Qe4 Rd7 19. Rd2 Rcd8 20. Rad1 Bg5
21. f4 Bf6 22. Bf2 Qb4 23. Rd3 Ne7 24. g4 Nd5 25. c4 Nb6 26. Be1 Bxd4+ 27. Kg2
Qc5 28. Bxa5 Qxa5 29. Rxd4 Qb4 30. Rxd7 Rxd7 31. Rxd7 Nxd7 32. Qc2 Nc5 33. Ba2
Nxa4 34. Bb3 Nc5 35. Ba2 Qe1 36. Bb1 Qe3 37. b4 Na6 38. b5 Nb4 39. Qa4 Qe2+ 40.
Kh3 Qf1+ 41. Kg3 Qg1+ 42. Kf3 Qxb1 43. Qa8+ Kh7 44. Qxb7 Qd3+ 45. Kf2 Qxc4 46.
Qxf7 cxb5 47. h4 Nd3+ 48. Ke3 b4 49. h5 Qxf4+ 50. Qxf4 Nxf4 51. hxg6+ Kxg6 52.
Kd4 Kg5 53. Kc4 Nd5 54. Kd3 Kf4 55. Kd2 e5 56. Kd3 e4+ 57. Ke2 Nc3+ 58. Kd2 e3+
59. Kc2 e2 60. Kd2 b3 61. Ke1 b2 62. Kd2 b1=Q 63. Kxc3 e1=Q+ 64. Kd4 Qd2+ 65.
Kc5 Qbb4+ 66. Kc6 Qdd6# 0-1

[Event "DEM U12/U12w 2010"]
[Site "Oberhof GER"]
[Date "2010.05.23"]
[Round "1"]
[White "Müller, Constantin"]
[Black "Heldt, Ronny"]
[Result "1-0"]
[Termination "normal"]
[Board "9"]
[WhiteElo "1861"]
[BlackElo "1584"]
[PlyCount "68"]
[WhiteFideId "24697630"]
[BlackFideId "12903973"]
[EventCountry "GER"]
[EventRounds "11"]
[EventType "swiss"]
[EventDate "2010.05.22"]

1. d4 e6 2. Nf3 f5 3. c4 Bb4+ 4. Bd2 Be7 5. g3 b6 6. Bg2 Bb7 7. Qa4 Nf6 8. Bb4
O-O 9. Bxe7 Qxe7 10. Nc3 d6 11. O-O e5 12. e3 e4 13. Nd2 c6 14. b4 d5 15. Qb3
Kh8 16. a4 Nbd7 17. Rfc1 Rfc8 18. Bf1 h5 19. Ra2 g5 20. a5 a6 21. axb6 Nxb6 22.
Bh3 g4 23. Bf1 f4 24. Ne2 f3 25. Nf4 Kg7 26. Rac2 Kh6 27. Qa2 dxc4 28. Nxc4
Nfd5 29. Nxb6 Nxb6 30. Qa5 Nd5 31. Nxd5 cxd5 32. Qb6+ Kg5 33. Rc7 Rxc7 34. Rxc7
Qd8 1-0

[Event "DEM U12/U12w 2010"]
[Site "Oberhof GER"]
[Date "2010.05.23"]
[Round "1"]
[White "Borukhson, David"]
[Black "Hirschmann, Jakob"]
[Result "0-1"]
[Termination "normal"]
[Board "10"]
[WhiteElo "1414"]
[BlackElo "1770"]
[PlyCount "70"]
[BlackFideId "24652067"]
[EventCountry "GER"]
[EventRounds "11"]
[EventType "swiss"]
[EventDate "2010.05.22"]

1. e4 e6 2. d4 d5 3. Nd2 Nf6 4. e5 Nfd7 5. f4 c5 6. c3 Nc6 7. Ndf3 Qb6 8. g3
cxd4 9. cxd4 Bb4+ 10. Kf2 f6 11. Kg2 Be7 12. Ne2 O-O 13. Nc3 Qd8 14. a3 fxe5
15. fxe5 b6 16. Bd3 Bb7 17. Be3 Qb8 18. Ne2 Qe8 19. Qc2 h6 20. Bg6 Qd8 21. Bh7+
Kh8 22. Nf4 Rxf4 23. Bxf4 Rc8 24. Qb1 g5 25. Be3 g4 26. Nd2 Bg5 27. Bxg5 Qxg5
28. Nb3 Nxd4 29. Nxd4 Qd2+ 30. Kg1 Qxd4+ 31. Kg2 Qd2+ 32. Kg1 Qe3+ 33. Kg2 d4+
34. Kf1 Qf3+ 35. Ke1 Qxh1+ 0-1

[Event "DEM U12/U12w 2010"]
[Site "Oberhof GER"]
[Date "2010.05.23"]
[Round "1"]
[White "Hamid, Emran"]
[Black "Hartmann, Jakob"]
[Result "1-0"]
[Termination "normal"]
[Board "11"]
[WhiteElo "1700"]
[BlackElo "1402"]
[PlyCount "79"]
[WhiteFideId "12903566"]
[BlackFideId "12918067"]
[EventCountry "GER"]
[EventRounds "11"]
[EventType "swiss"]
[EventDate "2010.05.22"]

1. c4 e5 2. g3 Nc6 3. Bg2 Bc5 4. Nc3 Nf6 5. d3 O-O 6. e4 d6 7. h3 Be6 8. Nge2
h6 9. O-O Nh7 10. Kh2 f5 11. f4 Nd4 12. Nxd4 exd4 13. Ne2 fxe4 14. Bxe4 d5 15.
cxd5 Bxd5 16. b3 Bxe4 17. dxe4 Qf6 18. Qd3 Qg6 19. Qc4+ Kh8 20. Qxc5 Qxe4 21.
Nxd4 b6 22. Qc4 Rfe8 23. Nf3 Qe7 24. Ne5 Qe6 25. Qxe6 Rxe6 26. Ba3 c5 27. Rfe1
Rae8 28. Bb2 Nf6 29. Rad1 Kh7 30. Kg1 R8e7 31. Nf3 Rxe1+ 32. Rxe1 Rxe1+ 33.
Nxe1 Nd5 34. Kf2 a5 35. Nd3 Nc7 36. Ke3 Na6 37. a4 Nc7 38. Be5 Nd5+ 39. Ke4 Ne7
40. Bc7 1-0

[Event "DEM U12/U12w 2010"]
[Site "Oberhof GER"]
[Date "2010.05.23"]
[Round "1"]
[White "Altstadt, Karl-Simon"]
[Black "Manusina, Nicole"]
[Result "1-0"]
[Termination "normal"]
[Board "12"]
[WhiteElo "1401"]
[BlackElo "1789"]
[PlyCount "137"]
[WhiteFideId "24696676"]
[BlackFideId "24657514"]
[EventCountry "GER"]
[EventRounds "11"]
[EventType "swiss"]
[EventDate "2010.05.22"]

1. e4 c6 2. d4 d5 3. exd5 cxd5 4. Bd3 Nc6 5. c3 g6 6. Bf4 Bg7 7. Nd2 Nh6 8.
Ngf3 f6 9. Bxh6 Bxh6 10. O-O O-O 11. Re1 Bg7 12. c4 Nb4 13. Bb1 Kh8 14. a3 Nc6
15. cxd5 Qxd5 16. Be4 Qd8 17. Bxc6 bxc6 18. Rc1 Bd7 19. Ne4 Bh6 20. Rc3 Re8 21.
Nc5 Rc8 22. Qa4 Bg4 23. h3 Bxf3 24. Rxf3 Qc7 25. Rb3 Qd6 26. Rb7 Rc7 27. Ne4
Qd8 28. Rxc7 Qxc7 29. Nxf6 Rd8 30. Ng4 Bg7 31. Ne5 Bxe5 32. Rxe5 Rd6 33. Qc4
Kg7 34. d5 Qd7 35. Qc3 Kf7 36. dxc6 Rxc6 37. Qf3+ Rf6 38. Qb3+ Kg7 39. Qe3 Rf7
40. Ra5 e6 41. Re5 Rf6 42. Ra5 Rf7 43. Ra6 Re7 44. Qc3+ Kf7 45. Qh8 h5 46. Qh7+
Kf6 47. Qh6 Qb5 48. Qf4+ Kg7 49. Qd4+ Kf7 50. Rxa7 Rxa7 51. Qxa7+ Kf6 52. Qd4+
Kf7 53. Qc3 Qd7 54. b4 Qd1+ 55. Kh2 Qd6+ 56. Qg3 Qb6 57. Qf4+ Kg7 58. a4 Qa7
59. a5 Qa6 60. Qc7+ Kf6 61. Qb6 Qe2 62. Qd4+ Kf7 63. Qf4+ Kg7 64. Qc7+ Kf6 65.
Qc3+ Ke7 66. Qc5+ Kf7 67. b5 Qe4 68. Qc7+ Kf6 69. a6 1-0

[Event "DEM U12/U12w 2010"]
[Site "Oberhof GER"]
[Date "2010.05.23"]
[Round "1"]
[White "Bluhm, Sonja Maria"]
[Black "Wendland, Tobias"]
[Result "1-0"]
[Termination "normal"]
[Board "13"]
[WhiteElo "1709"]
[BlackElo "1630"]
[PlyCount "75"]
[WhiteFideId "24654027"]
[BlackFideId "24662267"]
[EventCountry "GER"]
[EventRounds "11"]
[EventType "swiss"]
[EventDate "2010.05.22"]

1. e4 e6 2. d4 d5 3. Nc3 Nf6 4. Bg5 dxe4 5. Nxe4 Be7 6. Bxf6 Bxf6 7. Nf3 b6 8.
c3 Bb7 9. Bd3 Nd7 10. O-O O-O 11. Re1 Be7 12. Bc2 c5 13. Qd3 g6 14. Rad1 Qc7
15. Nfg5 Rfd8 16. Qh3 Bxg5 17. Nxg5 Nf6 18. Qh4 Qe7 19. Nxh7 Nd5 20. Ng5 Qf6
21. Qh7+ Kf8 22. Nxe6+ fxe6 23. Qxb7 Kg8 24. Qa6 Rf8 25. Qe2 Rae8 26. Rf1 Qg5
27. Qe5 Qg4 28. Qg3 Qxg3 29. hxg3 g5 30. Bb3 Rd8 31. Rfe1 Rfe8 32. dxc5 bxc5
33. Bxd5 exd5 34. Rxe8+ Rxe8 35. Rxd5 Re1+ 36. Kh2 Re2 37. Rxc5 Rxb2 38. Ra5
1-0

[Event "DEM U12/U12w 2010"]
[Site "Oberhof GER"]
[Date "2010.05.23"]
[Round "1"]
[White "Reksten, Anne"]
[Black "Rempe, Moritz"]
[Result "0-1"]
[Termination "normal"]
[Board "14"]
[WhiteElo "1383"]
[BlackElo "1631"]
[PlyCount "96"]
[WhiteFideId "24692778"]
[BlackFideId "12906867"]
[EventCountry "GER"]
[EventRounds "11"]
[EventType "swiss"]
[EventDate "2010.05.22"]

1. c4 e5 2. g3 Nf6 3. Bg2 Bc5 4. e3 d5 5. cxd5 Nxd5 6. Qh5 Nc6 7. d4 g6 8. Qf3
Bb4+ 9. Nd2 Be6 10. h3 exd4 11. exd4 Nxd4 12. Qd3 c5 13. a3 Bxd2+ 14. Bxd2 Bf5
15. Be4 Qe7 16. f3 Nf6 17. g4 Bxe4 18. fxe4 Qxe4+ 19. Qxe4+ Nxe4 20. Rc1 Nxd2
21. Kxd2 Nb3+ 22. Kc2 Nxc1 23. Kxc1 O-O 24. Ne2 Rfe8 25. Nc3 Re5 26. Kd2 Rd8+
27. Kc2 Re3 28. h4 Rdd3 29. h5 Rh3 30. Rxh3 Rxh3 31. Ne4 b6 32. hxg6 fxg6 33.
a4 Re3 34. Nd6 Kf8 35. b3 Re6 36. Nc4 Ke7 37. Kd3 Rd6+ 38. Ke4 Rd4+ 39. Kf3
Rd3+ 40. Kf4 Rxb3 41. Kg5 Ke6 42. Kh6 Rg3 43. Kg5 h6+ 44. Kf4 Rc3 45. Nb2 Rb3
46. Nd1 Rb4+ 47. Kf3 Rxa4 48. Ne3 Ra3 0-1

[Event "DEM U12/U12w 2010"]
[Site "Oberhof GER"]
[Date "2010.05.23"]
[Round "1"]
[White "Mager, Denis"]
[Black "Heinemann, Josefine"]
[Result "1-0"]
[Termination "normal"]
[Board "15"]
[WhiteElo "1538"]
[BlackElo "1376"]
[PlyCount "79"]
[WhiteFideId "24691127"]
[BlackFideId "12900460"]
[EventCountry "GER"]
[EventRounds "11"]
[EventType "swiss"]
[EventDate "2010.05.22"]

1. Nf3 d5 2. d4 e6 3. c4 c5 4. Nc3 Nf6 5. Bg5 Qb6 6. Qb3 Qxb3 7. axb3 cxd4 8.
Nxd4 Nc6 9. e3 Nxd4 10. exd4 Bb4 11. Bxf6 gxf6 12. cxd5 exd5 13. Bd3 Be6 14.
O-O O-O 15. f4 f5 16. Ne2 Rfc8 17. Ng3 Bd2 18. Nxf5 Bxf5 19. Bxf5 Rc6 20. Rad1
Be3+ 21. Kh1 Rf6 22. g4 h5 23. h3 Kg7 24. Rd3 hxg4 25. hxg4 Re8 26. Kg2 Rc6 27.
Rdd1 Rb6 28. Rd3 Rc6 29. Kf3 Bc1 30. Bd7 Re4 31. Bxc6 Rxf4+ 32. Ke2 Rxf1 33.
Kxf1 bxc6 34. Ke2 Bxb2 35. b4 Kg6 36. Kd2 Kg5 37. Kc2 Ba1 38. Rd1 Bxd4 39. Rxd4
a6 40. Kd3 1-0

[Event "DEM U12/U12w 2010"]
[Site "Oberhof GER"]
[Date "2010.05.23"]
[Round "1"]
[White "Bohnert, Dominik"]
[Black "Flüchter, Gregor"]
[Result "0-1"]
[Termination "normal"]
[Board "16"]
[WhiteElo "1370"]
[BlackElo "1721"]
[PlyCount "86"]
[WhiteFideId "12918075"]
[BlackFideId "12903396"]
[EventCountry "GER"]
[EventRounds "11"]
[EventType "swiss"]
[EventDate "2010.05.22"]

1. e4 c5 2. Nf3 d6 3. Nc3 Nf6 4. Bc4 Nc6 5. d3 g6 6. Be3 Bg7 7. h3 O-O 8. Qd2
e6 9. Bg5 a6 10. Nh2 Ne5 11. f4 Nxc4 12. dxc4 Qb6 13. Na4 Qc6 14. e5 dxe5 15.
fxe5 Ne4 16. Qe3 Nxg5 17. Qxg5 Qxa4 18. O-O Qxc4 19. Ng4 Qd4+ 20. Kh1 h6 21.
Nxh6+ Bxh6 22. Qxh6 Qxe5 23. Rad1 b5 24. Rxf7 Kxf7 25. Qh7+ Ke8 26. Qxg6+ Ke7
27. Qh7+ Rf7 28. Qh4+ Qf6 29. Qe4 Rb8 30. Qc6 Qe5 31. b3 a5 32. a3 b4 33. axb4
axb4 34. g3 Bb7 35. Rd7+ Kf8 36. Rxb7 Rbxb7 37. Qg2 Qe1+ 38. Qg1 Rf1 39. Qxf1+
Qxf1+ 40. Kh2 Rh7 41. h4 Rf7 42. g4 Rf2+ 43. Kg3 Qg2# 0-1

[Event "DEM U12/U12w 2010"]
[Site "Oberhof GER"]
[Date "2010.05.23"]
[Round "1"]
[White "Walter, Kevin"]
[Black "Koch, Elisabeth"]
[Result "1-0"]
[Termination "normal"]
[Board "17"]
[WhiteElo "1777"]
[BlackElo "1370"]
[PlyCount "63"]
[WhiteFideId "12906654"]
[BlackFideId "24695068"]
[EventCountry "GER"]
[EventRounds "11"]
[EventType "swiss"]
[EventDate "2010.05.22"]

1. e4 e5 2. Nf3 Nc6 3. Bb5 a6 4. Bxc6 dxc6 5. O-O Bd6 6. d4 exd4 7. Qxd4 f6 8.
Rd1 Be6 9. Nc3 Ne7 10. Be3 O-O 11. Ne2 Ng6 12. Qd2 c5 13. Nf4 Bf7 14. Nd5 Re8
15. Qd3 Qd7 16. Nb6 cxb6 17. Qxd6 Qb5 18. Qd3 Qxd3 19. cxd3 Rad8 20. Ne1 Ne5
21. f3 f5 22. Bf4 Bg6 23. Bxe5 Rxe5 24. f4 Re7 25. e5 Bf7 26. b3 Red7 27. Rdc1
Bh5 28. Rc3 Be2 29. Kf2 Bxd3 30. e6 Rd4 31. Nxd3 Rxd3 32. e7 1-0

[Event "DEM U12/U12w 2010"]
[Site "Oberhof GER"]
[Date "2010.05.23"]
[Round "1"]
[White "Kempe, Anne"]
[Black "Mann, Johannes"]
[Result "0-1"]
[Termination "normal"]
[Board "18"]
[WhiteElo "1369"]
[BlackElo "1657"]
[PlyCount "148"]
[WhiteFideId "12918083"]
[BlackFideId "24691380"]
[EventCountry "GER"]
[EventRounds "11"]
[EventType "swiss"]
[EventDate "2010.05.22"]

1. e4 d6 2. d4 Nf6 3. Nc3 g6 4. Nf3 Bg7 5. Bc4 O-O 6. h3 c6 7. Bb3 b5 8. a3 Qc7
9. Be3 e5 10. O-O Ba6 11. Re1 Kh8 12. Qd2 Nbd7 13. Rad1 Rad8 14. Bh6 Ng8 15.
Bxg7+ Kxg7 16. dxe5 Nxe5 17. Nxe5 dxe5 18. Qe3 Rxd1 19. Rxd1 Bc8 20. Ne2 f5 21.
Nc1 fxe4 22. Qxe4 Bf5 23. Qe3 c5 24. c4 b4 25. axb4 cxb4 26. Nd3 Bxd3 27. Qxd3
Nf6 28. Qe3 a5 29. c5 Ra8 30. Ba4 Rf8 31. Re1 e4 32. Rd1 Qe5 33. Qd4 Qxd4 34.
Rxd4 Kf7 35. Kf1 Ke7 36. Ke2 Rd8 37. Rxd8 Kxd8 38. Ke3 Kc7 39. Kd4 g5 40. Kc4
h5 41. g3 g4 42. h4 e3 43. fxe3 Ne4 44. Be8 Nxg3 45. Kd3 Nf5 46. Bxh5 g3 47.
Ke2 Nxh4 48. e4 Kc6 49. e5 Kxc5 50. e6 Kd6 51. Be8 Kxe6 52. Ba4 Kd5 53. Bb3+
Kc5 54. Bc2 Kb5 55. b3 Kc5 56. Be4 Kd4 57. Bc6 Kc3 58. Bd5 Nf5 59. Kf3 Nd4+ 60.
Kxg3 Nxb3 61. Kf2 a4 62. Ke1 a3 63. Ke2 a2 64. Ke3 a1=Q 65. Ke4 Qh1+ 66. Ke5
Qh2+ 67. Ke6 Nc5+ 68. Kf7 Qh5+ 69. Ke7 Qxd5 70. Kf6 Ne4+ 71. Ke7 Qd6+ 72. Kf7
Qf6+ 73. Kg8 Qe7 74. Kh8 Kc4 0-1

[Event "DEM U12/U12w 2010"]
[Site "Oberhof GER"]
[Date "2010.05.23"]
[Round "1"]
[White "Bentel, Robin"]
[Black "Müller, Max"]
[Result "1-0"]
[Termination "normal"]
[Board "19"]
[WhiteElo "1642"]
[BlackElo "1365"]
[PlyCount "131"]
[WhiteFideId "12918016"]
[BlackFideId "12900486"]
[EventCountry "GER"]
[EventRounds "11"]
[EventType "swiss"]
[EventDate "2010.05.22"]

1. d4 d5 2. c4 e6 3. Nc3 Nf6 4. Bg5 Be7 5. e3 O-O 6. Nf3 a6 7. Bd3 dxc4 8. Bxc4
b5 9. Bd3 Bb7 10. O-O Nbd7 11. Rc1 Rc8 12. Qe2 c5 13. dxc5 Nxc5 14. Bb1 b4 15.
Nd1 h6 16. Bxf6 Bxf6 17. b3 a5 18. Nb2 Ba6 19. Nc4 Bc3 20. Qc2 g6 21. Rfd1 Qc7
22. Nh4 Bxc4 23. bxc4 Qe5 24. Rf1 Rfd8 25. Rcd1 Qf6 26. Nf3 a4 27. Rxd8+ Rxd8
28. Rd1 Rxd1+ 29. Qxd1 Kf8 30. Bc2 a3 31. Kf1 Qe7 32. Ke2 Qa7 33. Nd4 Qa6 34.
Bb3 Qa8 35. f3 Qa6 36. Nb5 Nxb3 37. Qxb3 Qa5 38. Nxc3 bxc3 39. Kd3 Qf5+ 40. e4
Qf4 41. Qxa3+ Kg7 42. Qxc3+ e5 43. Qd2 Qxh2 44. c5 Qg1 45. Kc4 Qf1+ 46. Kd5 Qb5
47. Qc3 Qd7+ 48. Kxe5 f6+ 49. Kf4 g5+ 50. Ke3 Qc7 51. Kf2 g4 52. e5 fxe5 53. f4
Qf7 54. Qxe5+ Kg6 55. Kg3 Qxa2 56. f5+ Kf7 57. Qe6+ Qxe6 58. fxe6+ Kxe6 59.
Kxg4 Kd5 60. Kh5 Kxc5 61. Kxh6 Kd6 62. g4 Ke6 63. g5 Kf7 64. g6+ Kg8 65. g7 Kf7
66. Kh7 1-0

[Event "DEM U12/U12w 2010"]
[Site "Oberhof GER"]
[Date "2010.05.23"]
[Round "1"]
[White "Samietz, Jannick"]
[Black "Keller, Peter"]
[Result "0-1"]
[Termination "normal"]
[Board "20"]
[WhiteElo "1362"]
[BlackElo "1798"]
[PlyCount "54"]
[WhiteFideId "12918091"]
[BlackFideId "1272105"]
[EventCountry "GER"]
[EventRounds "11"]
[EventType "swiss"]
[EventDate "2010.05.22"]

1. Nf3 d5 2. c4 c6 3. d4 Nf6 4. Nc3 dxc4 5. e4 b5 6. e5 Nd5 7. a4 Nxc3 8. bxc3
Bb7 9. Ba3 e6 10. Bxf8 Rxf8 11. axb5 cxb5 12. Qb1 Bxf3 13. gxf3 Qd5 14. Be2 g6
15. Ra5 a6 16. Qa1 Ra7 17. Kd2 f6 18. exf6 Rxf6 19. Re1 Kf7 20. Rb1 Rd7 21. Qa2
Qd6 22. Qb2 Qxh2 23. Bxc4 bxc4 24. Qxb8 Qxf2+ 25. Kc1 Rxf3 26. Rxa6 Rxc3+ 27.
Kd1 Rxd4# 0-1

[Event "DEM U12/U12w 2010"]
[Site "Oberhof GER"]
[Date "2010.05.23"]
[Round "1"]
[White "Perske, Thore"]
[Black "Trotzke, Johannes"]
[Result "1-0"]
[Termination "normal"]
[Board "21"]
[WhiteElo "1659"]
[BlackElo "1357"]
[PlyCount "41"]
[WhiteFideId "12902195"]
[BlackFideId "12918105"]
[EventCountry "GER"]
[EventRounds "11"]
[EventType "swiss"]
[EventDate "2010.05.22"]

1. e4 e6 2. d3 d5 3. Nd2 dxe4 4. dxe4 Nf6 5. Ngf3 Nc6 6. c3 e5 7. Bc4 Bd6 8.
Bb3 O-O 9. Qe2 a5 10. Nf1 b6 11. Ng3 Bb7 12. Nh4 Ne7 13. Bg5 Ng6 14. Nhf5 h6
15. Bd2 Re8 16. Bc4 Nf4 17. Qf3 Nh7 18. h4 a4 19. Qg4 Bf8 20. Nxh6+ Kh8 21.
Nxf7+ 1-0

[Event "DEM U12/U12w 2010"]
[Site "Oberhof GER"]
[Date "2010.05.23"]
[Round "1"]
[White "Weber, Sandra"]
[Black "Bach, Jannik"]
[Result "0-1"]
[Termination "normal"]
[Board "22"]
[WhiteElo "1350"]
[BlackElo "1680"]
[PlyCount "130"]
[WhiteFideId "1270049"]
[BlackFideId "24615900"]
[EventCountry "GER"]
[EventRounds "11"]
[EventType "swiss"]
[EventDate "2010.05.22"]

1. e4 d5 2. exd5 Qxd5 3. Nc3 Qa5 4. d3 Nf6 5. Bd2 Nc6 6. Nf3 Bg4 7. Be2 e6 8.
O-O Be7 9. Ne4 Qd5 10. h3 Bh5 11. Ng3 Bg6 12. Nh4 Qd7 13. Nxg6 hxg6 14. Bc3 O-O
15. Ne4 Nd5 16. Bd2 Rad8 17. Nc3 Nf6 18. Bf3 Nd4 19. Ne4 Nd5 20. c3 Nf5 21. d4
Nb6 22. Qe2 c6 23. Bf4 Nd5 24. Bd2 Qc7 25. Rfd1 Rfe8 26. Rac1 Nf4 27. Qc4 Nh4
28. Bxf4 Nxf3+ 29. gxf3 Qxf4 30. Qe2 Bd6 31. Nxd6 Rxd6 32. Qe5 Qxe5 33. dxe5
Rd5 34. Rxd5 exd5 35. Re1 g5 36. Re3 Kh7 37. Kg2 Kg6 38. Kg3 Kf5 39. Re2 Rxe5
40. Rd2 c5 41. Rd3 g6 42. Rd2 Ke6 43. Kg4 f6 44. f4 Re4 45. Kg3 Rxf4 46. f3 d4
47. c4 Rf5 48. Rd3 Kd6 49. b4 Re5 50. Kf2 Re3 51. Rxe3 dxe3+ 52. Kxe3 cxb4 53.
Kd4 b6 54. Ke3 Kc5 55. Kd3 a5 56. a3 bxa3 57. Kc3 a4 58. Kc2 Kxc4 59. Kc1 Kb3
60. Kb1 a2+ 61. Ka1 Ka3 62. f4 b5 63. h4 b4 64. f5 b3 65. hxg5 b2# 0-1

[Event "DEM U12/U12w 2010"]
[Site "Oberhof GER"]
[Date "2010.05.23"]
[Round "1"]
[White "Wiesner, Paula"]
[Black "Mierzwa, Robert"]
[Result "1-0"]
[Termination "normal"]
[Board "23"]
[WhiteElo "1863"]
[BlackElo "1345"]
[PlyCount "75"]
[WhiteFideId "24654019"]
[BlackFideId "12918113"]
[EventCountry "GER"]
[EventRounds "11"]
[EventType "swiss"]
[EventDate "2010.05.22"]

1. e4 e6 2. d4 d5 3. Nd2 Nf6 4. e5 Nfd7 5. Bd3 b6 6. Ne2 Ba6 7. Bxa6 Nxa6 8.
O-O c5 9. f4 Qc7 10. c3 O-O-O 11. Nf3 Be7 12. Qd3 c4 13. Qc2 Nab8 14. f5 Rdf8
15. fxe6 fxe6 16. Bg5 Rxf3 17. Rxf3 Bxg5 18. Raf1 Nc6 19. Nf4 Bxf4 20. Rxf4 Ne7
21. Rf7 Nf5 22. Qf2 Rf8 23. Rxf8+ Nxf8 24. g4 g6 25. gxf5 gxf5 26. Kh1 Ng6 27.
Rg1 b5 28. Qg3 Qf7 29. Qg5 Kd7 30. h4 Qe7 31. Qxe7+ Kxe7 32. h5 Nf4 33. Rg7+
Kf8 34. Rxh7 Kg8 35. Rxa7 Nxh5 36. Rb7 f4 37. Kg2 Kf8 38. Kf3 1-0